000 00341 a2200109 4500
001 ART_38170
005 20260410161739.0
008 260409a
245 1 0 _aLos daños derivados de discriminación laboral y la violencia laboral
100 1 _aDuarte, David
773 0 _tDoctrina laboral
_g- Nº 353 (ene. 2015)
_wREV4049
999 _c18562
_d18562